La ciencia del derecho procesal constitucional: estudios en homenaje a Héctor Fix-Zamudio en sus cincuenta años como investigador del derecho

Saved in:
Bibliographic Details
Main Author: Nogueira Alcalá, Humberto (autor)
Format: Book
Language:Spanish
Published: Santiago Librotecnia 2009
Edition:1a. ed
Subjects:
Tags: Add Tag
No Tags, Be the first to tag this record!

MARC

LEADER 00000nam a2200000 a 4500
001 UCH2316
003 CL-VaPUC
005 20240912094142.0
008 090611e20090000CL |||||||||||||||||spa|d
999 |c 334088  |d 334086 
020 |a 9789567950959 
040 |c Pontificia Universidad Católica de Valparaíso 
082 0 4 |a 347.83  |b NOG  |2 21 
100 |a Nogueira Alcalá, Humberto  |e autor  |9 876107 
245 1 3 |a La ciencia del derecho procesal constitucional: estudios en homenaje a Héctor Fix-Zamudio en sus cincuenta años como investigador del derecho 
250 |a 1a. ed 
260 |a Santiago  |b Librotecnia  |c 2009 
300 |a 579 p 
583 |a last modification  |c 20161004 05:08:40  |k Rodrigo Vera 
600 |a Fix-Zamudio, Héctor,  |d 1924-2021  |9 876085 
650 7 |a DERECHO PROCESAL CONSTITUCIONAL  |2 CL-VaPUC  |9 525852 
650 0 |a Derecho constitucional   |9 222588 
650 7 |a JUECES CONSTITUCIONALES  |2 CL-VaPUC  |9 537085 
650 0 |a Tribunales constitucionales   |9 328554 
650 0 |a Derechos humanos  |9 223025 
650 0 |a Recurso de protección   |9 255487 
650 0 |a Ministerio público  |9 332891 
650 0 |a Jurisprudencia  |9 255952 
942 |c BK  |2 ddc 
945 |d 20090611 00:00:00  |a rbrito 
952 |0 0  |1 0  |4 0  |6 347_830000000000000_NOG_2009  |7 0  |8 A  |9 422901  |a BIBDER  |b BIBDER  |d 2019-11-22  |i 4561414  |l 1  |m 1  |o 347.83 NOG 2009  |p 4561414  |r 2024-08-23  |s 2024-08-16  |w 2019-11-22  |y BK  |k DER